000 00335nam a2200121Ia 4500
008 151001s9999||||xx |||||||||||||| ||und||
100 _aThomas Edwards
245 3 _aAn Indian Day
260 _bPenguin Books
260 _c1938
300 _a276
365 _b7
999 _c949976
_d949973